|
|
|
|
| LEADER |
00000cam a2200000 c 4500 |
| 001 |
1091392749 |
| 003 |
DE-627 |
| 005 |
20240425204026.0 |
| 007 |
tu |
| 008 |
900822s1975 xx ||||| 00| ||ger c |
| 020 |
|
|
|z 3520108168
|
| 035 |
|
|
|a (DE-627)1091392749
|
| 035 |
|
|
|a (DE-576)021392749
|
| 035 |
|
|
|a (DE-599)BSZ021392749
|
| 035 |
|
|
|a (OCoLC)04179264
|
| 035 |
|
|
|a (OCoLC)263545648
|
| 035 |
|
|
|a (DE-604)8062211536
|
| 040 |
|
|
|a DE-627
|b ger
|c DE-627
|e rakwb
|
| 041 |
|
|
|a ger
|
| 084 |
|
|
|a 1
|2 ssgn
|
| 084 |
|
|
|a CD 1100
|2 rvk
|0 (DE-625)rvk/17718:
|
| 100 |
1 |
|
|0 (DE-588)116372222
|0 (DE-627)077879155
|0 (DE-576)160116864
|4 aut
|a Aster, Ernst von
|d 1880-1948
|
| 109 |
|
|
|a Aster, Ernst von 1880-1948
|a Aster, Ernest von 1880-1948
|a Aster, Ernest d' 1880-1948
|a Giessen, Ernst von Aster- 1880-1948
|a Aster, E. von 1880-1948
|a Aster, Ernest de 1880-1948
|a Aster, V. 1880-1948
|a Aster-Giessen, Ernst von 1880-1948
|
| 245 |
1 |
0 |
|a Geschichte der Philosophie
|c Ernst von Aster
|
| 250 |
|
|
|a 16. Aufl., durchges., erg., mit neuer Zeittaf. u. Bibliogr.v. Franz Josef Brecht u. Gerd Schröder
|
| 264 |
|
1 |
|a Stuttgart
|b Kröner
|c 1975
|
| 300 |
|
|
|a XXI, 507 S.
|
| 336 |
|
|
|a Text
|b txt
|2 rdacontent
|
| 337 |
|
|
|a ohne Hilfsmittel zu benutzen
|b n
|2 rdamedia
|
| 338 |
|
|
|a Band
|b nc
|2 rdacarrier
|
| 490 |
0 |
|
|a Kröners Taschenausgabe
|v 108
|
| 500 |
|
|
|a Fälschlicherweise als 15. Auflage bezeichnet
|
| 583 |
1 |
|
|a Archivierung/Langzeitarchivierung gewährleistet
|f PEBW
|h DE-24
|x XA-DE-BW
|2 pdager
|5 DE-21
|
| 689 |
0 |
0 |
|d s
|0 (DE-588)4045791-6
|0 (DE-627)106200259
|0 (DE-576)209066873
|2 gnd
|a Philosophie
|
| 689 |
0 |
1 |
|q z
|2 gnd
|a Geschichte
|
| 689 |
0 |
|
|5 (DE-627)
|
| 935 |
|
|
|a mteo
|
| 936 |
r |
v |
|a CD 1100
|b Epochenübergreifende Gesamtdarstellungen
|k Philosophie
|k Geschichte der Philosophie
|k Geschichte der Philosophie des Abendlandes von Antike bis 20. Jahrhundert
|k Epochenübergreifende Gesamtdarstellungen
|0 (DE-627)1270639358
|0 (DE-625)rvk/17718:
|0 (DE-576)200639358
|
| 951 |
|
|
|a BO
|
| ELC |
|
|
|b 1
|
| ITA |
|
|
|a 1
|
| LOK |
|
|
|0 000 xxxxxcx a22 zn 4500
|
| LOK |
|
|
|0 001 2149729245
|
| LOK |
|
|
|0 003 DE-627
|
| LOK |
|
|
|0 004 1091392749
|
| LOK |
|
|
|0 005 20100408143101
|
| LOK |
|
|
|0 008 950322||||||||||||||||ger|||||||
|
| LOK |
|
|
|0 040
|a DE-21-35
|c DE-627
|d DE-21-35
|
| LOK |
|
|
|0 541
|e 1976/54194
|
| LOK |
|
|
|0 852
|a DE-21-35
|
| LOK |
|
|
|0 852 1
|c Eb 1.40/16
|m p
|9 00
|
| LOK |
|
|
|0 938
|k p
|
| LOK |
|
|
|0 939
|a 22-03-95
|b l01
|
| ORI |
|
|
|a SA-MARC-ixtheoa001.raw
|
| REF |
|
|
|a Philosophiegeschichte
|
| STA |
0 |
0 |
|a History,History,History in art,Philosophy,Philosophy in literature
|
| STB |
0 |
0 |
|a Histoire,Histoire,Histoire,Philosophie,Philosophie
|
| STC |
0 |
0 |
|a Filosofía,Filosofía,Historia,Historia,Historia
|
| STD |
0 |
0 |
|a Filosofia,Filosofia,Storia,Storia
|
| STE |
0 |
0 |
|a 历史,史,哲学
|
| STF |
0 |
0 |
|a 哲學,歷史,史
|
| STG |
0 |
0 |
|a Filosofia,Filosofia,História,História
|
| STH |
0 |
0 |
|a История (мотив),История,Философия (мотив),Философия
|
| STI |
0 |
0 |
|a Ιστορία (μοτίβο),Ιστορία,Φιλοσοφία (μοτίβο),Φιλοσοφία
|
| SYG |
0 |
0 |
|a Philosophy,Philosophieren , History,Geschichtliche Epoche,Historical development,Historische Entwicklung,Landesgeschichte,Regionalgeschichte,Ortsgeschichte,Zeitgeschichte
|